000 00461nam a2200169 4500
001 10073
005 20230410123600.0
008 060907n1995 dr spa
020 _a2110739037
035 _9funglode10154
041 _aFR
050 1 4 _aKJV 3721 A615c 1995
245 0 _aConseil supérieur de la magistrature :
_brapport annuel
260 _aParis :
_bDirection des Journaux Officiels,
_c1995
300 _aiii, 91 p.
942 _2lcc
_cbk
999 _c64314
_d64314